000 00303nam a2200109Ia 4500
008 190216s9999||||xx |||||||||||||| ||und||
100 _aAditham Bhujanga Rao
245 0 _aEssential Mathematics For Professional Examinations
260 _bTata Mcgrawhill Publishers
650 _aMathematics
942 _cBK
999 _c30646
_d30646